[Event "Hoogovens Blitz"]
[Site "Wijk aan Zee"]
[Date "1998.01.19"]
[Round "5"]
[White "Timman, Jan H"]
[Black "Van Wely, Loek"]
[Result "1-0"]
[WhiteElo "2635"]
[BlackElo "2605"]
[PlyCount "69"]
[EventDate "1998.01.19"]
[EventType "tourn (blitz)"]
[EventRounds "11"]
[EventCountry "NED"]
[EventCategory "17"]
[SourceTitle "CBM 062 Extra"]
[Source "ChessBase"]
[SourceDate "1998.03.09"]
[SourceVersion "1"]
[SourceVersionDate "1998.03.09"]
[SourceQuality "1"]

1. Nf3 Nf6 2. g3 b6 3. d3 Bb7 4. e4 c5 5. Bg2 d6 6. O-O g6 7. Nc3 Bg7 ({RR} 7... Qc8 8. Nh4 Bg7 9. f4 Nc6 10. Nd5 e6 11. Ne3 Qc7 12. c3 Ne7 13. Qe2 O-O 14. Bd2 Rae8 15. Rae1 b5 16. e5 Nfd5 17. Ng4 Rd8 18. Nf3 Nb6 19. Be3 Nf5 20. Bf2 Nd7 21. d4 b4 22. Kh1 {Praggnanandhaa,R (2690)-Sjugirov,S (2699) Ajka HUN 2023 0-1 (43)}) 8. Nh4 ({RR} 8. e5 dxe5 9. Nxe5 Qc8 10. Re1 O-O 11. a4 Na6 12. Nc4 Re8 13. Bf4 Bxg2 14. Kxg2 Nb4 15. Be5 Qb7+ 16. Kg1 Rad8 17. Qe2 Nh5 18. Ne4 Nc6 19. Bc3 Qc7 20. Qf3 e5 21. Ned2 a6 22. Nb3 f5 {Vastrukhin,O (2333)-Shimanov,A (2593) Moscow RUS 2025 0-1 (53)}) 8... Nc6 9. f4 O-O 10. Kh1 $146 ({RR} 10. Ne2 Qd7 11. h3 e6 12. g4 d5 13. e5 Ne8 14. c3 f6 15. d4 cxd4 16. cxd4 Rc8 17. Bd2 Nc7 18. Nf3 fxe5 19. fxe5 Ba6 20. Rf2 Bxe2 21. Qxe2 Rxf3 22. Qxf3 Nxd4 23. Qd3 Nc6 24. Bc3 Nxe5 {Scholl,M-Frank,T Filseck 1999 ½-½ (59)}) ({RR} 10. f5 Ne5 11. Bf4 Qd7 12. Qd2 e6 13. Rae1 Rae8 14. h3 Nh5 15. g4 Nxf4 16. Qxf4 f6 17. Nf3 b5 18. fxe6 Rxe6 19. h4 b4 20. Nd5 Qa4 21. Ne3 Qxa2 22. b3 Qa5 23. Bh3 Ree8 24. Nxe5 dxe5 {Visser,Y (2380)-Van Wely,L (2570) Netherlands 1996 0-1 (36)}) ({RR} 10. f5 Nd7 11. Bg5 b5 12. Rb1 b4 13. Nd5 h6 14. fxg6 fxg6 15. Qg4 hxg5 16. Qe6+ Kh7 17. Qxg6+ Kh8 18. e5 Qe8 19. Be4 Rxf1+ 20. Rxf1 Qxg6 21. Nxg6+ Kh7 22. Ngxe7+ Kh8 23. Ng6+ Kh7 24. Rf7 Rd8 {Appel,R (2475)-Bromberger,S (2319) Germany 2000 1-0}) 10... Qd7 11. Be3 Nd4 12. Rb1 b5 13. Ne2 Nxe2 14. Qxe2 b4 15. f5 e6 16. g4 exf5 17. gxf5 Rae8 18. Rf2 Qc7 19. c4 bxc3 20. bxc3 d5 21. Bf4 Qd7 22. e5 Nh5 23. d4 cxd4 24. cxd4 Qa4 25. Rxb7 Qxd4 26. Qe3 Qd1+ 27. Rf1 Qg4 28. Bg3 Nxg3+ 29. Qxg3 Qxg3 30. hxg3 Bxe5 31. fxg6 hxg6 32. Bxd5 Bxg3 33. Nxg6 Rd8 34. Bxf7+ Rxf7 35. Rfxf7 1-0

[Event "FRA-chT"]
[Site "France"]
[Date "1998.04.04"]
[Round "6"]
[White "Tkachiev, Vladislav"]
[Black "Lautier, Joel"]
[Result "1-0"]
[WhiteElo "2615"]
[BlackElo "2645"]
[PlyCount "149"]
[EventDate "1998.02.06"]
[EventType "team"]
[EventRounds "11"]
[EventCountry "FRA"]
[SourceTitle "CBM 064 Extra"]
[Source "ChessBase"]
[SourceDate "1998.07.07"]
[SourceVersion "1"]
[SourceVersionDate "1998.07.07"]
[SourceQuality "1"]

1. e4 c5 2. Nf3 e6 3. d3 Nc6 4. g3 Nge7 5. c3 g6 6. Bg2 Bg7 7. O-O O-O 8. Na3 e5 ({RR} 8... d5 9. Qe2 b6 10. e5 Ba6 11. Nc2 b5 12. d4 Qb6 13. b4 cxd4 14. cxd4 Bb7 15. Bf4 a5 16. a3 axb4 17. axb4 Ra4 18. Qd2 Rfa8 19. h4 Rxa1 20. Rxa1 Rxa1+ 21. Nxa1 Qa7 22. Nb3 Qa3 23. Nc5 {Bologan,V (2640)-Vitiugov,N (2726) Doha 2016 0-1 (52)}) ({RR} 8... d6 9. d4 cxd4 10. cxd4 d5 11. e5 Nf5 12. Nc2 f6 13. g4 Nfxd4 14. Ncxd4 fxe5 15. Nb3 e4 16. Nfd2 Qh4 17. Nxe4 dxe4 18. Bxe4 Ne5 19. f3 Qh3 20. Qe2 a5 21. a4 Nxg4 22. Qg2 Qxg2+ 23. Kxg2 {Aird,I (1840)-Larkins,L (1998) Norfolk, VA USA 2024 0-1 (32)}) 9. Re1 d5 $146 ({RR} 9... h6 10. Be3 d6 11. Qd2 Kh7 12. Nc2 Bg4 13. h3 Be6 {½-½ (13) Arsovic,J (2015)-Miladinovic,L (2066) Valjevo 2020}) ({RR} 9... h6 10. Be3 d6 11. Qd2 Kh7 12. Nc2 Bg4 13. h3 Be6 {½-½ (13) Arsovic,J (2015)-Miladinovic,L (2066) Valjevo 2020}) 10. exd5 Nxd5 11. Nc4 Qc7 12. Nfxe5 Nxe5 13. Nxe5 Nxc3 14. bxc3 Bxe5 15. d4 cxd4 16. cxd4 Bg7 17. Be3 Bf5 18. Qb3 Rad8 19. Rac1 Qd7 20. d5 b6 21. Bf4 Rfe8 22. h4 Bf8 23. Qb2 Bg7 24. Qb4 Bf8 25. Rxe8 Qxe8 26. d6 Qe6 27. Qd2 Qf6 28. Re1 Rxd6 29. Bxd6 Bxd6 30. Bd5 Kg7 31. Qe3 Bc5 32. Qf3 h5 33. Re8 a5 34. Rb8 Bd4 35. Rb7 Be6 36. Qxf6+ Kxf6 37. Bxe6 Kxe6 38. Kf1 Bc5 39. Ke2 Kf6 40. f3 Ke6 41. a4 Kf6 42. f4 Ke6 43. Kf3 Kf6 44. Ra7 Bg1 45. Rc7 Ke6 46. Ke4 Bc5 47. Rc6+ Kd7 48. Kd5 Bf2 49. Rc3 Bc5 50. f5 Bd6 51. fxg6 fxg6 52. Re3 Bc7 53. Rf3 Bb8 54. Rf7+ Ke8 55. Rf3 Kd7 56. Kc4 Ke6 57. Kb5 Bd6 58. Kxb6 Bb4 59. Kc6 Ke5 60. Kd7 Bc5 61. Kc6 Bb4 62. Rf1 Ke6 63. Rd1 Kf6 64. Kb6 Ke5 65. Rd8 Ke4 66. Rg8 Kf5 67. Ra8 Kg4 68. Rxa5 Kxg3 69. Rg5+ Kxh4 70. Rxg6 Kh3 71. Kb5 Be1 72. Kc4 h4 73. Kd3 Kh2 74. Ke2 Bc3 75. Kf3 1-0

[Event "Cappelle op 14th"]
[Site "Cappelle la Grande"]
[Date "1998.02.28"]
[Round "9"]
[White "Minasian, Artashes"]
[Black "Pushkov, Nikolai"]
[Result "1-0"]
[WhiteElo "2570"]
[BlackElo "2520"]
[PlyCount "83"]
[EventDate "1998.02.21"]
[EventType "swiss"]
[EventRounds "9"]
[EventCountry "FRA"]
[SourceTitle "CBM 063 Extra"]
[Source "ChessBase"]
[SourceDate "1998.04.29"]
[SourceVersion "1"]
[SourceVersionDate "1998.04.29"]
[SourceQuality "1"]

1. Nf3 Nf6 2. g3 b6 3. d3 d5 4. Bg2 Bb7 5. O-O e6 6. Nc3 Nbd7 ({RR} 6... Be7 7. e4 dxe4 8. Ng5 Qd7 9. Ngxe4 Nxe4 10. dxe4 Qc6 11. Ne2 O-O 12. Nf4 Qd7 13. Be3 Rd8 14. Qe2 Nc6 15. Rfd1 Qe8 16. e5 Na5 {½-½ (16) Speelman,J (2615)-Van der Wiel,J (2545) Amsterdam 1989}) ({RR} 6... Be7 7. Bg5 O-O 8. Bxf6 Bxf6 9. Qe1 d4 10. Ne4 Be7 11. e3 dxe3 12. Qxe3 Nd7 13. d4 Nf6 14. Nxf6+ Bxf6 15. c3 Qe7 16. Rad1 Rad8 17. Rfe1 c5 18. dxc5 bxc5 19. b3 Qc7 20. Ng5 Bxg2 21. Kxg2 {Kubicka,A (2230)-Veloso,H (2221) chess.com INT 2025 0-1 (31)}) 7. e4 dxe4 8. Nd2 Be7 9. dxe4 $146 ({RR} 9. Ndxe4 Qc8 10. Re1 O-O 11. Qe2 Rd8 12. Bd2 Nc5 13. Bg5 Ncxe4 14. Nxe4 Nxe4 15. Bxe7 Rd7 16. Bxe4 Rxe7 17. Bxb7 Qxb7 18. Qe4 {½-½ (18) Woerdemann,M-Peist,J Detmold 1988}) 9... Bb4 10. Ncb1 a5 11. a3 Bxd2 12. Nxd2 e5 13. b3 O-O 14. Bb2 Re8 15. Re1 Nc5 16. f3 Ba6 17. Nf1 Qe7 18. Qd2 Rad8 19. Qf2 Bxf1 20. Bxf1 Rd6 21. b4 Na4 22. Bc1 c6 23. Be3 Qc7 24. c4 Qb7 25. c5 Rdd8 26. cxb6 Ra8 27. b5 c5 28. Qc2 Nxb6 29. Qxc5 Rab8 30. Rac1 Nfd7 31. Qc6 Re6 32. Qxb7 Rxb7 33. Red1 Re8 34. Rd6 Kf8 35. Bh3 Reb8 36. Bxd7 Nxd7 37. a4 Rd8 38. Ra6 Nb8 39. Rxa5 Rd3 40. Ra7 Rxa7 41. Bxa7 Nd7 42. Rb1 1-0

[Event "Amber-blindfold 07th"]
[Site "Monte Carlo"]
[Date "1998.03.16"]
[Round "4"]
[White "Van Wely, Loek"]
[Black "Sadler, Matthew D"]
[Result "1-0"]
[WhiteElo "2605"]
[BlackElo "2650"]
[PlyCount "65"]
[EventDate "1998.03.13"]
[EventType "tourn (rapid)"]
[EventRounds "11"]
[EventCountry "MNC"]
[EventCategory "18"]
[SourceTitle "CBM 063 Extra"]
[Source "ChessBase"]
[SourceDate "1998.04.29"]
[SourceVersion "1"]
[SourceVersionDate "1998.04.29"]
[SourceQuality "1"]

1. Nf3 {Horn,Peter} e6 2. g3 g6 3. Bg2 Bg7 4. O-O d5 5. d3 Ne7 6. Nbd2 c5 7. e4 Nbc6 8. Re1 b6 9. c3 Bb7 10. Qe2 ({RR} 10. Nf1) ({RR} 10. e5) ({RR} 10. a3) ({RR} 10. h4) ({RR} 10. exd5) 10... h6 ({RR} 10... Qd7 11. Nf1 h6 12. h4 dxe4 ({RR} 12... d4 13. c4 e5 14. h5 g5 ({RR} 14... O-O) 15. N3h2 Nd8 16. a3 a5 17. Rb1 Ne6 18. Bh3) 13. dxe4 O-O-O 14. Ne3 Qd3 15. Qxd3 Rxd3 16. Bf1 Rd7 17. Nc4 b5 18. Ncd2 ({RR} 18. Ne3 a6 19. a4 c4 ({RR} 19... Na5 20. axb5 Nb3 21. Ra4 Nxc1 22. Rxc1) 20. axb5 axb5 21. Nc2) ({RR} 18. Na3 b4 19. cxb4 Nxb4) 18... c4 ({RR} 18... b4 19. e5) 19. a4 a6 20. axb5 ({RR} 20. e5 g5) 20... axb5 21. Nb1 Nb8 22. Na3 ({RR} 22. b3 b4 ({RR} 22... cxb3 23. Ra3) 23. Ra4 Nbc6 24. bxc4 bxc3 25. e5 g5 26. Nxc3 gxh4) 22... Bc6 23. Bf4 Rhd8 ({RR} 23... g5 24. hxg5 hxg5 25. Bxg5) 24. Ne5 Bxe5 25. Bxe5 {Kaidanov,G (2625)-Benjamin,J (2595) Denver 1998 CBM 068 [Horn,Peter] 1-0 (58)}) ({RR} 10... Qc7 11. h4 ({RR} 11. Nf1 O-O 12. e5 Rad8 13. Bf4 Qc8 14. h4) ({RR} 11. exd5 Nxd5 12. Nc4 O-O 13. a4 Rfe8 14. a5 Rad8 15. axb6 axb6) 11... h6 12. Nf1 d4 ({RR} 12... Rd8 13. e5 Ba6 14. N1h2 Nf5 15. Ng4 b5 16. Nf6+ Kf8 17. Bf4 b4 18. a3) 13. c4 e5 14. h5 Bc8 15. N1h2 O-O 16. Nh4 Bd7) ({RR} 10... Ba6 11. exd5 exd5 12. Nf1 O-O 13. Bf4 Qd7 ({RR} 13... Re8) 14. Qd2) ({RR} 10... a5 11. exd5 Nxd5 12. Ne4 Qc7 13. c4 Nde7 14. Bf4 e5 15. Bg5 O-O 16. Nf6+ Kh8 17. Nxe5 Nxe5 18. Qxe5 Qxe5 19. Rxe5 Bxg2 20. Rxe7 h6 21. Kxg2 hxg5 22. Nd7 Rfd8 23. Rxf7 Ra7 24. Ne5 Bxe5 25. Rxa7 {Ozer,O (2337)-Wueest,A (2234) chess.com INT 2024 1-0 (31)}) 11. h4 Qd7 ({RR} 11... d4 12. c4 e5 13. h5 Qc7 14. Nh4) 12. a3 $146 ({RR} 12. e5 g5 13. hxg5 O-O-O 14. gxh6 Bxh6 15. Nf1 d4 16. c4 Ng6 17. Bxh6 Rxh6 18. N1h2 Rg8 19. Qd2 Rhh8 20. Re4 Nce7 21. Rg4 Rg7 22. Rg5 Rgh7 23. b4 cxb4 24. Qxb4 Nc6 25. Qb5 Qd8 26. Ng4 a6 {Fucek,C-Garcia,R (2395) Buenos Aires 1994 ½-½ (33)}) ({RR} 12. Nf1 dxe4 {½-½ (12) Casper,T (2420)-Vogt,L (2460) Leipzig 1988}) 12... Rd8 13. e5 g5 14. hxg5 hxg5 15. Nxg5 Nxe5 16. Ndf3 N7g6 17. d4 Nxf3+ 18. Nxf3 cxd4 19. cxd4 Rc8 20. Bd2 Rc7 21. Qd3 Kd8 22. Ng5 Re8 23. Bh3 Nf8 24. Rac1 Rxc1 25. Rxc1 f6 26. Nf3 Ke7 27. Bg4 a5 28. b4 a4 29. b5 f5 30. Bb4+ Kf6 31. Bh5 Rc8 32. Rxc8 Qxc8 33. Qe3 1-0

[Event "Amber-blindfold 07th"]
[Site "Monte Carlo"]
[Date "1998.03.20"]
[Round "7"]
[White "Ljubojevic, Ljubomir"]
[Black "Sadler, Matthew D"]
[Result "1-0"]
[WhiteElo "2565"]
[BlackElo "2650"]
[PlyCount "109"]
[EventDate "1998.03.13"]
[EventType "tourn (rapid)"]
[EventRounds "11"]
[EventCountry "MNC"]
[EventCategory "18"]
[SourceTitle "CBM 063 Extra"]
[Source "ChessBase"]
[SourceDate "1998.04.29"]
[SourceVersion "1"]
[SourceVersionDate "1998.04.29"]
[SourceQuality "1"]

1. Nf3 d5 2. b3 c5 3. e3 a6 4. Ba3 Nd7 $146 ({RR} 4... Qa5 5. Be2 Nc6 6. O-O e5 7. d4 e4 8. Ne5 Nxe5 9. dxe5 Be6 10. c4 Rd8 11. Qc2 f5 12. exf6 Nxf6 13. cxd5 Bxd5 14. Bb2 Bc6 15. Bc3 Qc7 16. Nd2 Bd6 17. h3 Qe7 18. Nc4 Bb8 19. Rad1 {Dizdarevic,E (2492)-Bogut,Z (2423) Bihac 2016 0-1 (44)}) ({RR} 4... Qa5 5. c4 dxc4 6. Bxc4 Nf6 7. O-O e6 8. d4 Nbd7 9. dxc5 Bxc5 10. Bb2 b5 11. Be2 Bb7 12. a4 bxa4 13. Rxa4 Qb6 14. Nbd2 O-O 15. Qa1 Rfb8 16. h3 h6 17. Ne5 Bf8 18. Nxd7 Nxd7 19. Rg4 {Nihal,S (2687)-Maghsoodloo,P (2677) chess.com INT 2025 1-0 (32)}) ({RR} 4... e6 5. c4 d4 6. exd4 cxd4 7. Bxf8 Kxf8 8. g3 Nc6 9. Bg2 g6 10. O-O Kg7 11. d3 Nf6 12. Nbd2 e5 13. b4 Bf5 14. Qb1 Re8 15. Re1 Qc7 16. Ng5 Rad8 17. Nge4 Nxe4 18. Nxe4 Bxe4 19. Bxe4 {Zubov,A (2623)-Dimitrov,R (2450) Bastia 2017 0-1 (39)}) 5. Bb2 Ngf6 6. c4 e6 7. Be2 Bd6 8. O-O O-O 9. Qc2 b6 10. cxd5 Nxd5 11. a3 Bb7 12. d3 Rc8 13. Nbd2 Qe7 14. Rfe1 Bb8 15. Bf1 Rfe8 16. Rad1 Kh8 17. Qb1 Bc7 18. Qa1 Kg8 19. Bxg7 f6 20. Bh6 Qf7 21. e4 Nf4 22. g3 Qg6 23. Bxf4 Bxf4 24. Bg2 Bb8 25. b4 Ne5 26. Qb1 Nxf3+ 27. Nxf3 Qg7 28. bxc5 bxc5 29. Qa2 Bd6 30. Nd2 Bf8 31. Nc4 Rcd8 32. Qe2 Bc6 33. e5 Bxg2 34. Kxg2 f5 35. Rb1 Rb8 36. Qf3 Qc7 37. Qh5 Red8 38. Qg5+ Bg7 39. Nd6 Kh8 40. f4 Rf8 41. Qh5 Qd7 42. Kh3 a5 43. Rec1 Qc6 44. Rxb8 Rxb8 45. Nf7+ Kg8 46. Ng5 Rb2 47. Rg1 h6 48. Qf7+ Kh8 49. Qxe6 Qa8 50. Nf7+ Kh7 51. Qxf5+ Kg8 52. e6 Qf3 53. Nxh6+ Bxh6 54. Qg6+ Bg7 55. e7 1-0

[Event "YUG-ch53"]
[Site "Belgrade "]
[Date "1998.03.18"]
[Round "5"]
[White "Djuric, Stefan"]
[Black "Damljanovic, Branko"]
[Result "1-0"]
[WhiteElo "2520"]
[BlackElo "2540"]
[Annotator "Horn,Peter"]
[PlyCount "121"]
[EventDate "1998.03.14"]
[EventType "tourn"]
[EventRounds "15"]
[EventCountry "YUG"]
[EventCategory "10"]
[SourceTitle "CBM 064"]
[Source "ChessBase"]
[SourceDate "1998.06.02"]
[SourceVersion "1"]
[SourceVersionDate "1998.06.02"]
[SourceQuality "1"]

1. Nf3 Nf6 2. g3 d5 3. Bg2 c6 4. O-O Bg4 5. d3 Nbd7 6. Qe1 e5 7. h3 (7. e4) 7... Bxf3 8. exf3 Bd6 9. f4 O-O 10. fxe5 Bxe5 11. Nd2 Re8 {Nimmt noch ein Tempo mit: Weiß hat aus der Eröffnung nichts herausgeholt.} 12. Qd1 Qb6 $146 ({RR} 12... a5 13. Nf3 Bd6 14. a4 Nf8 15. c3 Ne6 16. Kh1 Qc7 17. Be3 Bc5 18. Bd2 d4 19. Qc2 Qb6 20. b4 axb4 21. cxb4 Bxb4 22. Rfb1 c5 23. Qc4 Qa6 24. Qxa6 bxa6 25. Bxb4 cxb4 26. Rxb4 Rab8 27. Rab1 {Ghasi,A (2469)-Ansell,S (2360) Leeds 2015 ½-½ (95)}) 13. Kh1 Re7 14. Nf3 Bd6 15. a4 a5 16. c3 {[%cal Yf3d4]} Bc5 17. d4 Bd6 18. Nh4 g6 19. Nf3 Rae8 20. Kg1 Ne4 $15 {Schwarz beherrscht die einzige offene Linie, er hat einen prächtigen und vorschriftsgemäßen Vorposten auf e4 installiert: er kann sehr mit seiner Position zufrieden sein. Das weiße -Paar spielt in dieser Stellung keine Geige: sie erfüllen nur defensive Aufgaben; keiner der  ist besser als der e4. Und dennoch: es ist nicht einfach für Schwarz, handfeste Fortschritte zu erzielen.} (20... Re2 $2 21. Ne5) 21. Ng5 Ndf6 22. Qd3 h5 (22... h6 23. Nxe4 $11) 23. Nf3 Qb3 24. Qd1 Qb6 25. Qd3 {Weiß hat verständlicherweise an einem Remis nichts auszusetzen.} Bb8 (25... Qb3 26. Qd1) 26. Rb1 {[%cal Yb2b3]} Qb3 27. Qd1 Qc4 28. Bh6 Qa6 29. Qc1 Nh7 30. Re1 Qb6 31. Bf4 Bxf4 32. Qxf4 Qd8 (32... Qb3 {Die konsequente Fortsetzung des Spiels am -flügel. Schwarz gewinnt einen ; Weiß kann aber anscheinend auf genügendes Gegenspiel rechnen.} 33. Ne5 Qxa4 34. Bxe4 dxe4 35. b3 $44 (35. Qxe4 $2 Ng5) 35... Qa2 (35... Qb5 36. b4 a4 37. Ra1)) 33. Ne5 $11 Nd6 34. Bf1 Kg7 35. Bd3 f6 36. Nf3 Rxe1+ (36... Ne4 $142 $11 {Der Abtausch aller  entlastet Weiß.}) 37. Rxe1 Rxe1+ 38. Nxe1 Ng5 39. Kg2 Qe7 (39... Qd7 40. h4 $14) 40. h4 $14 {[%csl Gd3] Jetzt spielt sich die Position angenehmer für Weiß, da der d3 geringfügig wirksamer ist als die .} Ngf7 (40... Nge4 $5) 41. Nf3 Nh6 {Jetzt wäre Schwarz mit einem Remis sehr zufrieden ...} 42. Ng1 {[%csl Rg6][%cal Yg1e2,Ye2f4] ... aber Weiß nicht (mehr).} Nhf7 43. Ne2 Nh6 44. Qc1 g5 {Eine radikale Methode, um f4 zu unterbinden. Der Zug hat aber auch Risiken: er schwächt die schwarze Königs- und Zentralstellung erheblich.} (44... Nhf5 45. Nf4 $14) 45. hxg5 fxg5 46. Ng1 Qf6 47. Nh3 Nhf7 48. Qe3 Kg8 49. b3 {Der Rest der Partie hinterläßt bei mir einen nervösen Eindruck: vielleicht gab es Zeitprobleme.} h4 (49... Kg7 50. Qe2 (50. c4 Nf5 $11) 50... Kh6 51. Bc2 $36 {[%cal Ye2d3]}) 50. g4 Kg7 51. c4 Nh6 $2 (51... b6) 52. c5 $2 (52. Qxg5+ Qxg5 53. Nxg5 Nxg4 54. c5 $16) 52... Ndf7 53. f3 Kf8 54. Be2 Ng8 $1 55. f4 gxf4 56. Nxf4 Ng5 57. Bd3 Ne7 $2 (57... Nh6 58. Ng6+ Kf7 (58... Kg7 $2 59. Nxh4 Nxg4 $2 60. Nf5+ $18) 59. Nxh4 (59. Ne5+ Kg7) 59... Nxg4 60. Qg3 Nh6 61. Qb8 Qe6 $11) 58. Nh5 Qh6 (58... h3+ 59. Kg3 Qh6 60. Qf4+ $18) 59. Qf4+ Ke8 $2 (59... Kg8 60. Nf6+ Kg7 61. Ne8+ Kg8 62. Nd6 $40) 60. Nf6+ Kf8 61. Nh7+ 1-0

[Event "New York op"]
[Site "New York"]
[Date "1998.03.16"]
[Round "2"]
[White "Yermolinsky, Alex"]
[Black "Luther, Thomas"]
[Result "1-0"]
[WhiteElo "2660"]
[BlackElo "2510"]
[Annotator "Horn,Peter"]
[PlyCount "77"]
[EventDate "1998.03.16"]
[EventType "swiss"]
[EventRounds "9"]
[EventCountry "USA"]
[SourceTitle "CBM 064"]
[Source "ChessBase"]
[SourceDate "1998.06.02"]
[SourceVersion "1"]
[SourceVersionDate "1998.06.02"]
[SourceQuality "1"]

1. e4 e6 2. d3 d5 3. Nd2 c5 4. Ngf3 Nc6 5. g3 Bd6 6. Bg2 Nge7 7. O-O O-O 8. c3 {eher ein Nebenweg} (8. Re1 Bc7 9. c3 d4 {mit dieser Variante hat T.Luther viele Erfahrungen gesammelt.}) (8. Nh4) 8... Rb8 {beide Spieler sind in dieser Partie nicht an ausgefahrenen Gleisen interessiert. Grundsätzlich paßt der Zug in den schwarzen Aufbau: der a8 entzieht sich der Fernwirkung des g2, und ein gelegentliches b7-b5 unterstützt der Zug auch.} (8... b6 9. Re1 (9. Qa4 $6 Bb7 10. a3 a5 11. Re1 b5 12. Qc2 a4 13. Nf1 Qc7 14. h4 d4 $1 $15 {Ozsvath-Gufeld/HU/1970}) 9... Bc7) (8... Bc7 9. Re1 d4 (9... Rb8 10. Qc2 b5 11. a3 a5 12. d4 cxd4 13. cxd4 Bb6 14. exd5 exd5 15. Nb3 Bg4 16. Be3 Rc8 17. Qd3 a4 18. Nbd2 Na7 {Votava,J-Luther,T/Schoeneck/1996}) 10. Nb3 b6 11. cxd4 cxd4 12. e5 Rb8 13. Bg5 Bb7 $14 {Nun,J-Luther,T/Namestovo/1987}) ({RR} 8... f5 9. Re1 Ng6 10. exd5 exd5 11. d4 f4 12. dxc5 Bxc5 13. Nb3 Bb6 14. Nfd4 Qf6 15. Bxf4 Nxf4 16. gxf4 Qxf4 17. Qf3 Qh4 18. Qxd5+ Kh8 19. Re4 Qxf2+ 20. Kh1 Qxb2 21. Rf1 Qa3 22. Rxf8+ Qxf8 23. Qd6 {Koch,J (2510)-Vaisser,A (2564) Besancon 1999 ½-½}) 9. Qe2 $146 (9. Re1) ({RR} 9. a4 a6 10. Re1 b5 11. e5 Bc7 12. d4 Ng6 13. h4 cxd4 14. cxd4 Bb6 15. Nb3 bxa4 16. Rxa4 a5 17. Bd2 Bd7 18. Ra1 Qc7 19. Bc3 Ra8 20. Qd3 a4 21. Nbd2 h6 22. Nf1 Na5 23. Ne3 Nc4 {Li,Y (1921)-Grapsa,G (2047) chess.com INT 2024 1-0 (39)}) 9... Bc7 10. a3 $146 {[%cal Yb2b4]} ({RR} 10. Nh4 f6 11. f4 b5 12. a3 a5 13. g4 b4 14. axb4 axb4 15. Ndf3 e5 16. f5 Ba5 17. Qc2 c4 18. dxc4 dxe4 19. Qxe4 bxc3 20. bxc3 Bxc3 21. Ra3 Bb4 22. Rd3 Bc5+ 23. Kh1 Qb6 24. g5 Nb4 {Minet,S (2095)-Peric,S (2255) Bethune 1998 ½-½}) 10... a5 (10... b5 11. b4) 11. Rd1 (11. a4 b6 {[%cal Yc8a6,Yb6b5]}) 11... a4 {Schwarz steckt sich einen Claim auf dem -flügel ab.} 12. d4 cxd4 13. cxd4 Na5 (13... b5) (13... b6 {Hier zeigt sich ein Nachteil von b8: das wünschenswerte a6 ist schwieriger zu realisieren.}) 14. Ne5 (14. e5 $6) 14... Nec6 15. Ndf3 Nb3 16. Nxc6 bxc6 17. Rb1 Rb6 {[%cal Yc8a6]} 18. Qc2 Ba6 19. Be3 {Schwarz hat auf dem -flügel schon einiges erreicht: der b3 und der a6 haben glänzende Positionen; bezahlt hat Schwarz mit ein wenig Problemen in der c-Linie (c6). Da sein -flügel von Leichtfiguren entblößt ist, muß er auch sorgfältig die weißen Aktionen dort verfolgen: bislang haben nur c2 und f3 gefährliche Positionen inne. Der Textzug sichert erst einmal das weiße Übergewicht in der c-Linie.} Bb5 (19... dxe4 20. Qxe4 Bc4 21. Ng5 f5 22. Qh4 h6 23. d5 $1 exd5 24. Qxc4 (24. Bxb6 $2 Bxb6 25. Nf3 (25. Ne6 Bxf2+ 26. Kxf2 Qb6+ $40) 25... Bxf2+ 26. Kxf2 Qb6+ $19) 24... dxc4 25. Rxd8 Bxd8 26. Ne6 $44) 20. h4 Rb7 $6 {Damit ermöglicht Schwarz eine interessante Abwicklung; nötig hatte er das nicht.} (20... h6) (20... Ra6) 21. Ng5 h6 22. exd5 hxg5 23. dxc6 Rb8 24. hxg5 {Weiß hat 3  für die Figur; außerdem hat er aktives Spiel im Zentrum (d4-d5) und am -flügel (wegziehen von g2,g1 und dann h1).} (24. Bxg5 $5 {[%cal Yd4d5]}) 24... Qe7 (24... Qe8) 25. Qe4 Be2 26. Re1 Bh5 (26... Bc4) 27. Qh4 Bg6 28. Rbd1 Na5 $2 {Der Verlustzug.} (28... Bc2 29. Be4 (29. Bf3 Bxd1 30. Rxd1 {[%cal Yg1g2,Yd1h1]} (30. Be4 g6) 30... g6 31. Kg2 (31. Qh6 Rfd8 32. Kg2 Qf8 $19) 31... f5 32. d5 Rfd8 33. Qxa4 (33. Rh1 Qg7 (33... Be5 34. Bf4 $18) 34. dxe6 Nd4 35. e7 Rd6 36. Bd1 Re8 37. Bf4 Rxc6 38. Bxa4 Rxe7 39. Bxc6 Nxc6 40. Bxc7 Rxc7 41. Qc4+ $11)) 29... Bxe4 30. Qxe4 f5 31. Qf3 (31. Qh4 Qf7 $132 {[%cal Yf7g6,Yf8d8]}) 31... Qf7 $11) 29. d5 $1 Rxb2 (29... Rfd8 30. Bd4 Nb3 31. Bc3 Bc2 32. Bf3 Rd6 (32... Bxd1 33. Be4 $18) 33. Kg2 $18 {[%cal Re1h1]}) 30. Qd4 Rc2 (30... Ra2 31. d6 Bxd6 32. Qxd6 Qxd6 33. Rxd6 Rxa3 34. c7 $18) 31. d6 Bxd6 32. Qxd6 Qxd6 33. Rxd6 Nc4 34. Rd7 Nxa3 35. Rc1 (35. Ra1) 35... Nb5 (35... Rxc1+ 36. Bxc1 $18 {[%cal Rc6c7]}) 36. Rxc2 Bxc2 37. Bf1 Nc3 38. c7 Nd5 39. Bc5 1-0